[Event "San Francisco TNM Fall op"]
[Site "San Francisco"]
[Date "2017.12.19"]
[Round "9"]
[White "Mcenroe, Glenn Austin"]
[Black "Olson, David R"]
[Result "1-0"]
[WhiteElo "1500"]
[BlackElo "1400"]
[PlyCount "97"]
[EventDate "2017.10.24"]
[EventType "swiss"]
[EventRounds "9"]
[EventCountry "USA"]
[SourceTitle "EXT 2023"]
[Source "ChessBase"]
[SourceDate "2022.10.05"]
[SourceVersion "1"]
[SourceVersionDate "2022.10.05"]
[SourceQuality "1"]

1. e4 e5 2. Nf3 Nc6 3. Bb5 Nd4 4. Nxd4 exd4 5. 0-0 c6 6. Bc4 Bc5 7. d3 Ne7 8. f4 0-0 9. Nd2 Kh8 10. Nf3 d5 11. exd5 Nxd5 12. Re1 Bg4 13. h3 Bxf3 14. Qxf3 Qh4 15. Bd2 Rad8 16. Re5 Bd6 17. Rh5 Qf6 18. Bxd5 cxd5 19. Rxd5 b6 20. Re1 Bc5 21. Rxd8 Rxd8 22. Qe4 g6 23. Qe5 Kg7 24. Qxf6+ Kxf6 25. g4 h5 26. Kg2 Rd5 27. c4 dxc3 28. Bxc3+ Bd4 29. Re3 Bxc3 30. bxc3 h4 31. Kf3 Ra5 32. Re2 Rc5 33. Rc2 b5 34. Ke4 b4 35. c4 Ke6 36. d4 f5+ 37. Kf3 Ra5 38. Re2+ Kd6 39. gxf5 gxf5 40. c5+ Kd5 41. Re5+ Kxd4 42. Rxf5 Ra3+ 43. Kg4 Rxa2 44. c6 Rc2 45. Ra5 b3 46. Rxa7 b2 47. Rb7 Kc3 48. c7 Kd2 49. Rxb2 1-0

[Event "San Francisco TNM Fall op"]
[Site "San Francisco"]
[Date "2017.11.07"]
[Round "3"]
[White "Bayaraa, Timothy"]
[Black "Mcenroe, Glenn Austin"]
[Result "0-1"]
[WhiteElo "1152"]
[BlackElo "1500"]
[PlyCount "42"]
[EventDate "2017.10.24"]
[EventType "swiss"]
[EventRounds "9"]
[EventCountry "USA"]
[SourceTitle "EXT 2023"]
[Source "ChessBase"]
[SourceDate "2022.10.05"]
[SourceVersion "1"]
[SourceVersionDate "2022.10.05"]
[SourceQuality "1"]

1. e4 e6 2. Nf3 d5 3. e5 c5 4. d4 cxd4 5. Nxd4 Nc6 6. Bb5 Bd7 7. Nc3 Nxe5 8. Bf4 Nc6 9. Qe2 Nxd4 10. Qd2 Nxb5 11. Nxb5 Bxb5 12. 0-0-0 Nf6 13. Qc3 Rc8 14. Qb3 Bc6 15. Rhe1 Be7 16. Qg3 Nh5 17. Qg4 g6 18. Be5 Bf6 19. c4 Bxe5 20. Rxe5 Nf6 21. Kb1 Nxg4 0-1

[Event "San Francisco TNM Fall op"]
[Site "San Francisco"]
[Date "2017.10.31"]
[Round "2"]
[White "Mcenroe, Glenn Austin"]
[Black "Whitehead, Paul A"]
[Result "0-1"]
[WhiteElo "1500"]
[BlackElo "2315"]
[PlyCount "126"]
[EventDate "2017.10.24"]
[EventType "swiss"]
[EventRounds "9"]
[EventCountry "USA"]
[SourceTitle "EXT 2023"]
[Source "ChessBase"]
[SourceDate "2022.10.05"]
[SourceVersion "1"]
[SourceVersionDate "2022.10.05"]
[SourceQuality "1"]

1. e4 c5 2. c3 g6 3. Nf3 Bg7 4. d4 cxd4 5. cxd4 d5 6. exd5 Nf6 7. Nc3 Nxd5 8. Bc4 Nb6 9. Bb3 0-0 10. 0-0 Bg4 11. d5 N8d7 12. h3 Bxf3 13. Qxf3 Nc5 14. Bc2 Rc8 15. Rd1 Nc4 16. Bb3 Nd6 17. Bf4 a6 18. Rac1 Qb6 19. Be3 Qb4 20. Bxc5 Qxc5 21. Ne2 Qb4 22. Rxc8 Rxc8 23. Rb1 Qd2 24. Qe3 Qxe3 25. fxe3 Ne4 26. Rc1 Rxc1+ 27. Nxc1 Bxb2 28. Nd3 Ba3 29. Kf1 Kf8 30. Ke2 Ke8 31. Nf2 Nd6 32. Kd3 f6 33. Ne4 Nf7 34. Kd4 Kd7 35. Nc5+ Bxc5+ 36. Kxc5 Kc7 37. Kd4 Kd6 38. e4 Ne5 39. Bc2 g5 40. Bb3 Ng6 41. g3 h5 42. Bd1 h4 43. gxh4 Nxh4 44. Bg4 Ng2 45. Bc8 Kc7 46. Bf5 Nh4 47. Bg4 Ng6 48. Bf5 Ne5 49. a3 b6 50. Be6 Kd6 51. Bf5 Nf3+ 52. Ke3 Ne1 53. Kd2 Ng2 54. Kd3 Kc5 55. Bd7 b5 56. Kc3 a5 57. Be8 b4+ 58. axb4+ axb4+ 59. Kb3 Nf4 60. Bd7 Ne2 61. Bf5 Nd4+ 62. Kb2 Nxf5 63. exf5 Kxd5 0-1

[Event "San Francisco TNM Summer op"]
[Site "San Francisco"]
[Date "2017.06.13"]
[Round "4"]
[White "Mcenroe, Glenn Austin"]
[Black "Baer, Michael"]
[Result "1-0"]
[WhiteElo "1511"]
[BlackElo "1306"]
[PlyCount "79"]
[EventDate "2017.05.23"]
[EventType "swiss"]
[EventRounds "8"]
[EventCountry "USA"]
[SourceTitle "EXT 2023"]
[Source "ChessBase"]
[SourceDate "2022.10.05"]
[SourceVersion "1"]
[SourceVersionDate "2022.10.05"]
[SourceQuality "1"]

1. e4 c5 2. c3 d5 3. exd5 Qxd5 4. d4 Nc6 5. Nf3 Nf6 6. Be2 e6 7. 0-0 Be7 8. Re1 0-0 9. Na3 a6 10. Nc4 Qd8 11. Be3 cxd4 12. Nxd4 Nxd4 13. Bxd4 Nd5 14. Bf3 Rb8 15. Bxd5 Qxd5 16. Nb6 Qd8 17. Be5 Qxb6 18. Bxb8 Rd8 19. Qc2 Bd7 20. Bf4 Bc6 21. Be3 Qb5 22. c4 Qh5 23. h3 Rf8 24. Qe2 Qg6 25. Qg4 Qf6 26. Bd4 Qh6 27. Rad1 Re8 28. c5 Bd5 29. b3 Rc8 30. Rc1 Rd8 31. Be3 Qf6 32. Bd4 Qh6 33. Rc3 Rc8 34. Rg3 g6 35. Be3 Qg7 36. Bd4 Qf8 37. Rc1 Bxc5 38. Rgc3 h5 39. Qe2 b6 40. b4 1-0

[Event "San Francisco TNM Summer op"]
[Site "San Francisco"]
[Date "2017.05.30"]
[Round "2"]
[White "Mcenroe, Glenn Austin"]
[Black "Bayaraa, Bilguun"]
[Result "1-0"]
[WhiteElo "1511"]
[BlackElo "1107"]
[PlyCount "67"]
[EventDate "2017.05.23"]
[EventType "swiss"]
[EventRounds "8"]
[EventCountry "USA"]
[SourceTitle "EXT 2023"]
[Source "ChessBase"]
[SourceDate "2022.10.05"]
[SourceVersion "1"]
[SourceVersionDate "2022.10.05"]
[SourceQuality "1"]

1. e4 c5 2. c3 d6 3. Nf3 Nc6 4. d4 cxd4 5. cxd4 e5 6. Nc3 Qb6 7. Bb5 f6 8. d5 Bd7 9. dxc6 Bxc6 10. Bxc6+ Qxc6 11. Qd5 Qxd5 12. Nxd5 Ne7 13. Nc7+ Kd7 14. Nxa8 Nc6 15. 0-0 Be7 16. Rd1 Rxa8 17. a3 g5 18. h3 h5 19. g4 hxg4 20. hxg4 Rh8 21. Kg2 Nd8 22. Be3 Ne6 23. Rh1 Rc8 24. Rac1 Rd8 25. Rc3 Ke8 26. Rhc1 Kf7 27. Rc8 Rd7 28. Ne1 d5 29. exd5 Rxd5 30. f3 Nf4+ 31. Bxf4 exf4 32. R1c2 Rd1 33. Re2 b6 34. Rc7 1-0

[Event "San Francisco TNM Spring op"]
[Site "San Francisco"]
[Date "2017.05.02"]
[Round "8"]
[White "Poling, Scott"]
[Black "Mcenroe, Glenn Austin"]
[Result "1-0"]
[WhiteElo "1868"]
[BlackElo "1528"]
[PlyCount "79"]
[EventDate "2017.03.14"]
[EventType "swiss"]
[EventRounds "8"]
[EventCountry "USA"]
[SourceTitle "EXT 2023"]
[Source "ChessBase"]
[SourceDate "2022.10.05"]
[SourceVersion "1"]
[SourceVersionDate "2022.10.05"]
[SourceQuality "1"]

1. d4 Nf6 2. c4 g6 3. Nc3 d5 4. cxd5 Nxd5 5. e4 Nxc3 6. bxc3 Bg7 7. Bc4 0-0 8. Ne2 Nd7 9. 0-0 Nb6 10. Bd3 e5 11. Be3 f5 12. exf5 Bxf5 13. Qc2 Bxd3 14. Qxd3 Qd5 15. Rfd1 Rad8 16. Bg5 Rd7 17. Qh3 Rff7 18. f3 exd4 19. Bh6 Qe5 20. Bxg7 Kxg7 21. Nxd4 Rf6 22. Re1 Qc5 23. Kh1 Rdf7 24. Ne6+ Rxe6 25. Qxe6 Nc4 26. Rad1 Nd6 27. Qe5+ Qxe5 28. Rxe5 Kf6 29. Rde1 Rd7 30. Re6+ Kf7 31. g4 Nc4 32. Kg2 Na3 33. g5 Nc2 34. Rf6+ Kg7 35. Re2 Na3 36. Kg3 Nc4 37. Rfe6 Kf7 38. h4 Nd6 39. Rf6+ Kg7 40. h5 1-0

[Event "San Francisco TNM Spring op"]
[Site "San Francisco"]
[Date "2017.04.04"]
[Round "4"]
[White "Bayaraa, Bilguun"]
[Black "Mcenroe, Glenn Austin"]
[Result "0-1"]
[WhiteElo "1180"]
[BlackElo "1528"]
[PlyCount "94"]
[EventDate "2017.03.14"]
[EventType "swiss"]
[EventRounds "8"]
[EventCountry "USA"]
[SourceTitle "EXT 2023"]
[Source "ChessBase"]
[SourceDate "2022.10.05"]
[SourceVersion "1"]
[SourceVersionDate "2022.10.05"]
[SourceQuality "1"]

1. d4 Nf6 2. c4 g6 3. Nc3 d5 4. e3 Bg7 5. Nf3 0-0 6. a3 a6 7. Bd3 dxc4 8. Bxc4 b5 9. Bd3 Bb7 10. 0-0 Nbd7 11. Be2 Rc8 12. d5 Nb6 13. e4 c6 14. dxc6 Bxc6 15. Qxd8 Rfxd8 16. Be3 Nc4 17. Bd4 Bxe4 18. Nxe4 Nxe4 19. Bxg7 Kxg7 20. Ra2 Ncd2 21. Re1 Rc7 22. b4 Nxf3+ 23. Bxf3 Nd2 24. Be2 Nc4 25. Rc2 e6 26. Rd1 Rcd7 27. Rcc1 Rxd1+ 28. Bxd1 Nxa3 29. h3 Nc4 30. Bf3 Rd7 31. Ra1 Ra7 32. Be2 Nd6 33. Kf1 Kf6 34. Ke1 Ke5 35. Kd2 Kd4 36. Kc2 Rc7+ 37. Kb2 Nc4+ 38. Bxc4 Rxc4 39. Kb3 Rc6 40. Re1 e5 41. f3 f6 42. Re4+ Kd5 43. Rh4 h5 44. g4 Rc4 45. f4 Rxf4 46. Kc3 f5 47. Kd3 fxg4 0-1

[Event "San Francisco TNM Spring op"]
[Site "San Francisco"]
[Date "2017.03.28"]
[Round "3"]
[White "Mcenroe, Glenn Austin"]
[Black "Boldi, Nicholas Armen"]
[Result "0-1"]
[WhiteElo "1528"]
[BlackElo "1126"]
[PlyCount "156"]
[EventDate "2017.03.14"]
[EventType "swiss"]
[EventRounds "8"]
[EventCountry "USA"]
[SourceTitle "EXT 2023"]
[Source "ChessBase"]
[SourceDate "2022.10.05"]
[SourceVersion "1"]
[SourceVersionDate "2022.10.05"]
[SourceQuality "1"]

1. e4 e6 2. d4 d5 3. e5 c5 4. c3 Nc6 5. Nf3 Bd7 6. a3 Rc8 7. Be2 c4 8. b4 a6 9. a4 Be7 10. 0-0 h6 11. Bf4 Na7 12. Na3 b5 13. axb5 axb5 14. Nc2 Ra8 15. Ra5 Qb8 16. Qa1 Bd8 17. Ra3 Ne7 18. Qa2 Ng6 19. Bg3 0-0 20. Ra1 Bb6 21. h4 Rc8 22. h5 Nf8 23. Ne3 Bc6 24. Qb1 Be8 25. Bh4 Qb7 26. g4 Nc6 27. g5 hxg5 28. Bxg5 Nh7 29. Bf4 Rxa3 30. Rxa3 Ra8 31. Rxa8 Qxa8 32. Kh2 Bd8 33. Qg1 Kf8 34. h6 g6 35. Ng5 Kg8 36. Nxh7 Kxh7 37. Bg5 Ne7 38. Bf6 Ng8 39. Qg5 Bxf6 40. exf6 Qa2 41. Qg4 Qa8 42. Qh4 Qd8 43. Ng4 Qa8 44. Qg3 Qd8 45. Qh4 Qa8 46. Qg5 Qb8+ 47. Kg2 Qc7 48. f4 Bd7 49. Ne5 Be8 50. Bg4 Qd8 51. f5 exf5 52. Bxf5 Qxf6 53. Bxg6+ fxg6 54. Qxf6 Nxf6 55. Kf3 Kxh6 56. Ng4+ Nxg4 57. Kxg4 Bd7+ 58. Kf4 g5+ 59. Ke5 Bc6 60. Kd6 g4 61. Kxc6 g3 62. Kxb5 g2 63. Kc5 g1Q 64. Kxd5 Qg8+ 65. Kc5 Qc8+ 66. Kb5 Qd7+ 67. Kxc4 Qc6+ 68. Kb3 Qd5+ 69. Ka4 Qc4 70. d5 Qxc3 71. Kb5 Qd4 72. Kc6 Qxb4 73. d6 Qb8 74. Kd7 Kg7 75. Ke7 Qf8+ 76. Kd7 Kf7 77. Kc7 Ke6 78. d7 Qe7 0-1

[Event "San Francisco TNM Winter op"]
[Site "San Francisco"]
[Date "2017.01.24"]
[Round "4"]
[White "Bayaraa, Timothy"]
[Black "Mcenroe, Glenn Austin"]
[Result "0-1"]
[WhiteElo "1138"]
[BlackElo "1574"]
[PlyCount "64"]
[EventDate "2017.01.03"]
[EventType "swiss"]
[EventRounds "8"]
[EventCountry "USA"]
[SourceTitle "EXT 2018"]
[Source "ChessBase"]
[SourceDate "2017.10.13"]
[SourceVersion "1"]
[SourceVersionDate "2017.10.13"]
[SourceQuality "1"]

1. e4 e6 2. Nc3 d5 3. exd5 exd5 4. d4 Nf6 5. Bg5 Be7 6. Nf3 Bg4 7. h3 Bh5 8. g4 Bg6 9. Bd3 0-0 10. Ne5 Bxd3 11. Qxd3 c6 12. h4 Nbd7 13. Bxf6 Bxf6 14. Nxd7 Qxd7 15. g5 Qe6+ 16. Ne2 Be7 17. 0-0-0 Bd6 18. Rde1 Rae8 19. h5 Qe4 20. Qh3 Qe6 21. Qh4 Qe4 22. f4 Qe3+ 23. Kb1 Qd2 24. h6 g6 25. f5 Rxe2 26. Rxe2 Qxe2 27. fxg6 fxg6 28. Re1 Rf1 29. Rc1 Rxc1+ 30. Kxc1 Qe3+ 31. Kb1 Qg1+ 32. Qe1 Qxe1# 0-1

[Event "San Francisco Benson Memorial"]
[Site "San Francisco"]
[Date "2016.09.20"]
[Round "8"]
[White "Yang, Eric"]
[Black "Mcenroe, Glenn Austin"]
[Result "1-0"]
[WhiteElo "1851"]
[BlackElo "1508"]
[PlyCount "61"]
[EventDate "2016.08.02"]
[EventType "swiss"]
[EventRounds "9"]
[EventCountry "USA"]
[SourceTitle "EXT 2018"]
[Source "ChessBase"]
[SourceDate "2017.10.13"]
[SourceVersion "1"]
[SourceVersionDate "2017.10.13"]
[SourceQuality "1"]

1. e4 e6 2. d4 d5 3. e5 c5 4. c3 Nc6 5. Nf3 Qb6 6. a3 a5 7. Be2 Bd7 8. b3 cxd4 9. cxd4 Nge7 10. 0-0 Ng6 11. Nc3 Be7 12. Re1 0-0 13. Bb2 f6 14. Na4 Qa7 15. Bb5 fxe5 16. dxe5 Bc5 17. Nxc5 Qxc5 18. Bd3 Be8 19. Rc1 Qa7 20. g3 Rc8 21. Kg2 Qb8 22. Bb1 Rc7 23. Ng5 Bf7 24. f4 Qe8 25. Qd3 h6 26. Nxf7 Nxf4+ 27. gxf4 Rfxf7 28. Qh7+ Kf8 29. Qh8+ Ke7 30. Qxe8+ Kxe8 31. Bg6 1-0

[Event "San Francisco Benson Memorial"]
[Site "San Francisco"]
[Date "2016.09.13"]
[Round "7"]
[White "Mcenroe, Glenn Austin"]
[Black "Olson, David R"]
[Result "1-0"]
[WhiteElo "1508"]
[BlackElo "1400"]
[PlyCount "72"]
[EventDate "2016.08.02"]
[EventType "swiss"]
[EventRounds "9"]
[EventCountry "USA"]
[SourceTitle "EXT 2018"]
[Source "ChessBase"]
[SourceDate "2017.10.13"]
[SourceVersion "1"]
[SourceVersionDate "2017.10.13"]
[SourceQuality "1"]

1. e4 e5 2. Nf3 Nc6 3. Bb5 Nf6 4. 0-0 Bc5 5. d3 h6 6. Bxc6 bxc6 7. Nxe5 0-0 8. Nc3 Re8 9. Nf3 a6 10. h3 Bb7 11. Re1 d5 12. exd5 cxd5 13. d4 Bb6 14. Be3 c6 15. Na4 Bc7 16. Nc5 Bc8 17. Nd3 Ne4 18. Nde5 Qf6 19. c3 Ra7 20. Qa4 Bxe5 21. dxe5 Qe6 22. Bxa7 Re7 23. Bc5 Nxc5 24. Qd4 Ne4 25. Rad1 Qg6 26. Kh2 Qe6 27. b3 g5 28. g4 h5 29. Rg1 hxg4 30. Rxg4 Qh6 31. Rdg1 Bxg4 32. Rxg4 f5 33. exf6 Rh7 34. h4 Kf7 35. Kg2 Nxf6 36. Nxg5+ Kf8 1-0

[Event "San Francisco TNM Summer op"]
[Site "San Francisco"]
[Date "2016.06.07"]
[Round "3"]
[White "Giridharan, Durgashankar"]
[Black "Mcenroe, Glenn Austin"]
[Result "1-0"]
[WhiteElo "1199"]
[BlackElo "1553"]
[PlyCount "23"]
[EventDate "2016.05.24"]
[EventType "swiss"]
[EventRounds "8"]
[EventCountry "USA"]
[SourceTitle "EXT 2018"]
[Source "ChessBase"]
[SourceDate "2017.10.13"]
[SourceVersion "1"]
[SourceVersionDate "2017.10.13"]
[SourceQuality "1"]

1. e4 e6 2. d4 d5 3. exd5 exd5 4. Bd3 Bd6 5. Nc3 c6 6. Nf3 Ne7 7. Bg5 0-0 8. Qd2 f6 9. Bf4 Bf5 10. 0-0-0 Bxd3 11. Bxd6 Bxc2 12. Bxe7 1-0